Statistics for Flags of Non-Country Islands

Click here to take the quiz!

General Stats

  • This quiz has been taken 230 times
  • The average score is 27 of 50

Answer Stats

Answer % Correct
Hong Kong
83%
Greenland
83%
Isle of Man
79%
Faroe Islands
77%
Puerto Rico
77%
Macao
75%
Aruba
72%
American Samoa
68%
Guam
68%
Jersey
66%
Åland
66%
Cook Islands
64%
Christmas Island
63%
U.S. Virgin Islands
63%
Falkland Islands
62%
Guernsey
61%
Martinique
59%
Corsica
58%
Sardinia
58%
Bermuda
57%
British Virgin Islands
56%
New Caledonia
56%
Sicily
55%
Niue
55%
Curaçao
55%
Norfolk Island
53%
Guadeloupe
52%
Anguilla
52%
French Polynesia
50%
Sint Maarten
48%
Montserrat
48%
Easter Island
48%
Canary Islands
47%
Cocos (Keeling) Islands
46%
Azores
46%
Bonaire
46%
Cayman Islands
45%
Pitcairn
43%
Saint Pierre and Miquelon
43%
Turks and Caicos
41%
Northern Mariana Islands
40%
Tokelau
38%
Saint Helena
35%
Mallorca
35%
Madeira
34%
Saba
34%
Tristan da Cunha
32%
Ascension
29%
Sint Eustatius
28%
Hokkaido
24%

Score Distribution

Percentile by Number Answered

Percent of People with Each Score

Your Score History

You have not taken this quiz